LEADER 01285nam--2200409---450- 001 990003648610203316 005 20120406105654.0 010 $a978-88-387-6709-2 035 $a000364861 035 $aUSA01000364861 035 $a(ALEPH)000364861USA01 035 $a000364861 100 $a20120406d2011----km-y0itay50------ba 101 $aita 102 $aIT 105 $a||||||||001yy 200 1 $aPizzeria al taglio$ebusiness plan per tutti$epensa controlla e sviluppa la tua attivitą dalla A alla Z$fTommaso Licchetta, Roberta Di Chiara 210 $aSantarcangelo di Romagna$cMaggioli$d2011 215 $a222 p.$d21 cm 225 2 $aStart up$v1 410 0$12001$aStart up$v, 1 454 1$12001 461 1$1001-------$12001 606 0 $aPizzerie$xGestione$xAvviamento$2BNCF 676 $a647.95068 700 1$aLICCHETTA,$bTommaso$0609899 701 1$aDI CHIARA,$bRoberta$0610606 801 0$aIT$bsalbc$gISBD 912 $a990003648610203316 951 $a647.950 LIC 1$b19974 EC.$c647.950 LIC$d00308289 959 $aBK 969 $aECO 979 $aFIORELLA$b90$c20120406$lUSA01$h1037 979 $aFIORELLA$b90$c20120406$lUSA01$h1037 979 $aFIORELLA$b90$c20120406$lUSA01$h1056 996 $aPizzeria al taglio$91139654 997 $aUNISA LEADER 01486nam 2200481 450 001 9910671242403321 005 20070615082510.0 010 $a84-9772-852-1 010 $a84-9982-477-3 035 $a(CKB)3800000000009955 035 $a(MiAaPQ)EBC4626838 035 $a(WaSeSS)Ind00034993 035 $a(OCoLC)928792638 035 $a(FlNmELB)ELB60999 035 $a(EXLCZ)993800000000009955 100 $a20160910d2006 uy 0 101 0 $aspa 135 $aurcnu|||||||| 181 $2rdacontent 182 $2rdamedia 183 $2rdacarrier 200 10$aIlicitud, culpa y estado de necesidad $eun estudio de responsabilidad extracontractual en los Co?digos Penal y Civil /$fMarti?n Garci?a-Ripoll Montijano 210 1$aMadrid :$cDykinson,$d2006. 215 $a1 online resource (264 pa?ginas) $cgra?ficos 225 1 $aMonografi?as de derecho penal ;$v6 320 $aContiene bibliografi?a. 410 0$aMonografi?as de derecho penal ;$v6. 606 $aTorts$zSpain 606 $aNecessity (Law)$zSpain 606 $aDerecho civil 607 $aEspan?a 608 $aLibros electronicos. 615 0$aTorts 615 0$aNecessity (Law) 615 4$aDerecho civil. 676 $a346.4603 700 $aGarci?a-Ripoll Montijano$b Marti?n$01334902 801 0$bFINmELB 801 1$bFINmELB 906 $aBOOK 912 $a9910671242403321 996 $aIlicitud, culpa y estado de necesidad$93047558 997 $aUNINA